| 000 | 01383nam a2200409 i 4500 | ||
|---|---|---|---|
| 001 | 14813 | ||
| 003 | KOSZ 005 | ||
| 005 | 20200302084702.0 | ||
| 008 | 070927s1968 pl a f 000 0 pol | ||
| 015 | _aPB 1968/1448 | ||
| 035 | _a991036842349705066 | ||
| 035 | _a(PL-WaBN)b19889215-48omnis_nlop | ||
| 035 | _ab19889215 | ||
| 035 | _a(OCoLC)830886801 | ||
| 035 | _a(PL)b0000001988921 | ||
| 035 | _a(EXLNZ-48OMNIS_NETWORK)9910409196805606 | ||
| 040 |
_aWA N _cWA N _dKOSZ 005/KK |
||
| 080 | _a629.1 | ||
| 080 | _a621.4 | ||
| 100 | 1 |
_aMatzke, Władysław _d(1909-1995). _eAutor |
|
| 245 | 1 | 0 |
_aRozrząd silników czterosuwowych / _cWładysław Matzke. |
| 260 |
_aWarszawa : _bWydawnictwa Komunikacji i Łączności, _cdr. 1968. |
||
| 300 |
_a392 strony : _bilustracje, errata ; _c23 cm. |
||
| 336 |
_2rdacontent _aTekst _btxt |
||
| 337 |
_2rdamedia _aBez urządzenia pośredniczącego _bn |
||
| 338 |
_2rdacarrier _aWolumin _bnc |
||
| 380 | _aKsiążki | ||
| 388 | _a1901-2000 | ||
| 504 | _aBibliografia na stronach 390-392. | ||
| 650 | 7 | _aRozrząd | |
| 658 | _aInżynieria i technika | ||
| 650 | 7 |
_aSilniki _2DBN |
|
| 710 | 2 |
_aWydawnictwa Komunikacji i Łączności _4pbl |
|
| 856 |
_uhttp://koha.tu.koszalin.pl/cgi-bin/koha/opac-detail.pl?biblionumber=14813 _yKatalog online BPK |
||
| 942 |
_2UKD _cKS |
||
| 999 |
_c14813 _d14813 |
||